| 000 | 00607nam a2200193 a 4500 | ||
|---|---|---|---|
| 003 | BD-DhJNU | ||
| 005 | 20250505060354.0 | ||
| 008 | 250401s1954 ii a b 001 0 eng | ||
| 040 |
_aBD-DhJNU _bENG _cBD-DhJNU _dBD-DhJNU |
||
| 082 | 0 | 0 |
_a306.38 FRM _223 |
| 100 | 1 | _aFriedmann, Eugene A. | |
| 245 | 1 | 0 |
_aThe meaning of work and retirement / _cEugene A. Friedmann and Robert J. Havighurst |
| 260 |
_aUSA : _bThe University of Chicago Press, _c1954. |
||
| 300 |
_axii, 197 p. : _bill. ; _c23 cm. |
||
| 504 | _aIncludes index. | ||
| 650 | 0 | _aWork and retirement | |
| 700 | 1 | _aHavighurst, Robert J. | |
| 942 | _cBK | ||
| 999 |
_c1661 _d1661 |
||